[Event "Catalunya-ch U18/20"]
[Site "Salou"]
[Date "2021.03.28"]
[Round "2"]
[White "Poyan Cobelli, Alex"]
[Black "Villa Tornero, Alex"]
[Result "0-1"]
[WhiteElo "1248"]
[BlackElo "1859"]
[PlyCount "100"]
[EventDate "2021.03.27"]
[EventType "swiss"]
[EventRounds "9"]
[EventCountry "ESP"]
[SourceTitle "CBM 202 Extra"]
[Source "ChessBase"]
[SourceDate "2021.07.31"]
[SourceVersion "1"]
[SourceVersionDate "2021.07.31"]
[SourceQuality "1"]

1. e4 d6 2. d4 Nf6 3. Nc3 Nbd7 4. Nf3 e5 5. dxe5 dxe5 6. Bg5 Be7 7. Bc4 0-0 8. 0-0 c6 9. Qe2 Qc7 10. Rad1 b5 11. Bxf6 Bxf6 12. Bxb5 cxb5 13. Nd5 Qc4 14. Nxf6+ Nxf6 15. Qxc4 bxc4 16. Nxe5 Nxe4 17. Rfe1 Bf5 18. g4 Rfe8 19. gxf5 Rxe5 20. Rd4 Ng5 21. Rxe5 Nf3+ 22. Kg2 Nxe5 23. f4 Ng4 24. Kg3 Ne3 25. Kf3 Re8 26. c3 Nxf5 27. Rxc4 f6 28. Re4 Rxe4 29. Kxe4 Ne7 30. b4 Kf7 31. c4 Ke6 32. a4 Kd6 33. c5+ Kc6 34. Kd4 a6 35. Kc4 h6 36. b5+ axb5+ 37. axb5+ Kc7 38. Kb4 g5 39. fxg5 hxg5 40. Ka5 f5 41. Ka6 f4 42. Ka7 Nc8+ 43. Ka6 f3 44. b6+ Nxb6 45. h4 f2 46. cxb6+ Kc6 47. Ka7 f1Q 48. b7 Qa1+ 49. Kb8 Qg7 50. Ka8 Qxb7# 0-1